Fr. Conceicao Rodrigues College of Engineering

Applied solid state physics (Record no. 34681)

MARC details
000 -LEADER
fixed length control field 00357nam a2200169Ia 4500
082 ## - DEWEY DECIMAL CLASSIFICATION NUMBER
Classification number 530.41
Item number RAJ
100 ## - MAIN ENTRY--PERSONAL NAME
Personal name Rajnikant
245 ## - TITLE STATEMENT
Title Applied solid state physics
260 ## - PUBLICATION, DISTRIBUTION, ETC.
Name of publisher, distributor, etc. Wiley India
Date of publication, distribution, etc. 2011
366 ## - TRADE AVAILABILITY INFORMATION
Publishers's discount category 25
300 ## - PHYSICAL DESCRIPTION
Extent 520
546 ## - LANGUAGE NOTE
Language note ENGLISH
-- Computers
650 ## - SUBJECT ADDED ENTRY--TOPICAL TERM
Topical term or geographic name entry element Solid state
654 ## - SUBJECT ADDED ENTRY--FACETED TOPICAL TERMS
Focus term state physics
942 ## - ADDED ENTRY ELEMENTS (KOHA)
Koha item type BOOK
Holdings
Withdrawn status Lost status Damaged status Not for loan Collection Home library Current library Date acquired Source of acquisition Cost, normal purchase price Inventory number Total Checkouts Full call number Barcode Date last seen Cost, replacement price Price effective from Koha item type
        CRC Fr. Agnel's C.Rodrigues College of Engineering Fr. Agnel's C.Rodrigues College of Engineering 17/03/2023 Book Base 366.75 11725 dt 16/07/2012   530.41 RAJ 22091 17/03/2023 489.00   BOOK
        CRC Fr. Agnel's C.Rodrigues College of Engineering Fr. Agnel's C.Rodrigues College of Engineering 17/03/2023 Book Base 366.75 11725 dt 16/07/2012   530.41 RAJ 22092 17/03/2023 489.00   BOOK
        CRC Fr. Agnel's C.Rodrigues College of Engineering Fr. Agnel's C.Rodrigues College of Engineering 17/03/2023 Book Base 366.75 11725 dt 16/07/2012   530.41 RAJ 22093 17/03/2023 489.00   BOOK
        CRC Fr. Agnel's C.Rodrigues College of Engineering Fr. Agnel's C.Rodrigues College of Engineering 17/03/2023 Book Base 366.75 11725 dt 16/07/2012   530.41 RAJ 22094 17/03/2023 489.00   BOOK
        CRC Fr. Agnel's C.Rodrigues College of Engineering Fr. Agnel's C.Rodrigues College of Engineering 17/03/2023 Book Base 366.75 11725 dt 16/07/2012   530.41 RAJ 22095 17/03/2023 489.00   BOOK